English Housing Survey (Record no. 112031)

MARC details
000 -LEADER
fixed length control field 01880cad a22002415a 4500
001 - CONTROL NUMBER
control field L152385
008 - FIXED-LENGTH DATA ELEMENTS--GENERAL INFORMATION
fixed length control field 110228s2011 xxk f 000 0 eng d
020 ## - INTERNATIONAL STANDARD BOOK NUMBER
International Standard Book Number 9781409828358
035 ## - SYSTEM CONTROL NUMBER
System control number (Sirsi) u152385
041 0# - LANGUAGE CODE
Language code of text/sound track or separate title eng
050 04 - LIBRARY OF CONGRESS CALL NUMBER
Classification number 306.1 $2 18
110 2# - MAIN ENTRY--CORPORATE NAME
Corporate name or jurisdiction name as entry element United Kingdom
Subordinate unit Department for Communities and Local Government
9 (RLIN) 4939
245 00 - TITLE STATEMENT
Title English Housing Survey
Remainder of title Headline report 2009-10[electronic resource]
260 ## - PUBLICATION, DISTRIBUTION, ETC.
Place of publication, distribution, etc. London
Name of publisher, distributor, etc. RICS
Date of publication, distribution, etc. 2011
505 2# - FORMATTED CONTENTS NOTE
Formatted contents note Introduction -- Key findings -- Section 1 Households -- Section 2 Housing Stock -- Annexe -- Glossary
520 ## - SUMMARY, ETC.
Summary, etc. Preliminary findings of the English Housing Survey (EHS) for 2009-2010. The report is split into two sections. The first focuses on the profile of households including trends in tenures and the demographic and economic characteristics of households. It also covers rents and housing benefit for both social and private renters, recent movers, mortgage difficulties, and overcrowding and under-occupation. Section two provides an overview of the housing stock in England including the age, size, and type of home and presents measures of living conditions in England. This includes: energy efficiency of the housing stock; decent homes; the Housing Health and Safety Rating System; and homes affected by damp and mould. This section also looks at disparities in living conditions for particular groups of vulnerable households. There are a number of additional tables presented in an annex which provide further detail to that covered in the main body of the report.
590 ## - LOCAL NOTE (RLIN)
Local note KA NTK
650 24 - SUBJECT ADDED ENTRY--TOPICAL TERM
Topical term or geographic name entry element ENGLISH HOUSING SURVEY
651 #4 - SUBJECT ADDED ENTRY--GEOGRAPHIC NAME
Geographic name England
Chronological subdivision 886-
690 ## - LOCAL SUBJECT ADDED ENTRY--TOPICAL TERM (OCLC, RLIN)
Topical term or geographic name as entry element PROPERTY-RESIDENTIAL PROPERTY-DOMESTIC RESIDENTIAL PROEPRTY-HOUSING
856 40 - ELECTRONIC LOCATION AND ACCESS
Uniform Resource Identifier <a href="https://www.communities.gov.uk/documents/statistics/pdf/1851086.pdf">https://www.communities.gov.uk/documents/statistics/pdf/1851086.pdf</a>
Public note View the item free of charge at www.communities.gov.uk
942 ## - ADDED ENTRY ELEMENTS (KOHA)
Suppress in OPAC 0
Holdings
Withdrawn status Lost status Source of classification or shelving scheme Damaged status Not for loan Home library Current library Shelving location Date acquired Total Checkouts Full call number Barcode Date last seen Copy number Price effective from Koha item type
    Dewey Decimal Classification     Virtual Virtual Online 28/02/2011   ONLINE PUBLICATION 152385-2001 06/08/2019 1 06/08/2019 Book